English for international tourism : Pre-intermediate Workbook
Đã lưu trong:
| Tác giả chính: | |
|---|---|
| Định dạng: | Sách |
| Ngôn ngữ: | Undetermined |
| Được phát hành: |
Harlow, England
Pearson Education Limited
2003
|
| Những chủ đề: | |
| Các nhãn: |
Thêm thẻ
Không có thẻ, Là người đầu tiên thẻ bản ghi này!
|
| Thư viện lưu trữ: | Trung tâm Học liệu Trường Đại học Cần Thơ |
|---|
| LEADER | 00625nam a2200217Ia 4500 | ||
|---|---|---|---|
| 001 | CTU_129302 | ||
| 008 | 210402s9999 xx 000 0 und d | ||
| 020 | |c 86000 | ||
| 082 | |a 428.24 | ||
| 082 | |b D814pw | ||
| 100 | |a Dubicka, Iwonna | ||
| 245 | 0 | |a English for international tourism : | |
| 245 | 0 | |b Pre-intermediate Workbook | |
| 245 | 0 | |c Iwonna Dubicka, Margaret O'Keeffe | |
| 260 | |a Harlow, England | ||
| 260 | |b Pearson Education Limited | ||
| 260 | |c 2003 | ||
| 650 | |a English language | ||
| 650 | |x Textbooks for foreign speakers | ||
| 904 | |i Minh | ||
| 980 | |a Trung tâm Học liệu Trường Đại học Cần Thơ | ||